00866nam a2200181 a 4500008004100000020001800041050001500059100002700074245014800101260003100249300002200280350001000302650002600312650001500338995018000353999001700533952013400550170503s2015 ||||||||||||||||| || u a9780123971579 aQH 499 Ste aVishwakarma, Ajaykumar10aStem cell biology and tissue engineering in dental sciencescEdited By Ajaykumar Vishwakarma, Paul Sharpe, Songtao Shi {and} Murugan Ramalingam aAmsterdam:bElsevierc2015 axxxi, 900p.: ill. a42.00 aREGENERATIVE MEDICINE aSTEM CELLS aMICHAEL CHILUFYA SATA OPEN ACCESSe904030FCBU-SCHOOL OF MEDICINE LIBRARY (Ndola)I42.00jQH 499 SteM1UAVAILABLEWMay 3, 2017y904030ZMedical Library Open Access Collection c32754d32754 00102lcc4070a002b002cMedical Library Open Access Collectiond2022-11-30l0oQH 499 Step904030r2022-11-30w2022-11-30y002